A sketch of Samaritan History, dogma and literature, (Record no. 160850)

MARC details
000 -LEADER
campo de control de longitud fija 00675nam a2200181 i 4500
001 - NÚMERO DE CONTROL
campo de control 160850
003 - IDENTIFICADOR DE NÚMERO DE CONTROL
campo de control ES-MaACL
005 - FECHA Y HORA DE LA ÚLTIMA TRANSACCIÓN
campo de control 20230906212135.0
008 - DATOS DE LONGITUD FIJA--INFORMACIÓN GENERAL
campo de control de longitud fija 041004s1874 xxk |||| | eng d
040 ## - FUENTE DE CATALOGACIÓN
Centro catalogador/agencia de origen CAM
Lengua de catalogación spa
Centro/agencia transcriptor CAM
100 1# - ENTRADA PRINCIPAL--NOMBRE DE PERSONA
Nombre de persona Nutt, John William.
9 (RLIN) 130553
245 10 - MENCIÓN DEL TÍTULO
Título A sketch of Samaritan History, dogma and literature,
Resto del título : published as an introduction to "Fragments of a Samaritan Targum, edited form a Bodleian ms." /
Mención de responsabilidad, etc. by John W. Nutt.
260 ## - PUBLICACIÓN, DISTRIBUCIÓN, ETC.
Lugar de publicación, distribución, etc. London :
Nombre del editor, distribuidor, etc. Trübner and Co.,
Fecha de publicación, distribución, etc. 1874.
300 ## - DESCRIPCIÓN FÍSICA
Extensión VIII, 172 p. ;
Dimensiones 23 cm.
630 #0 - PUNTO DE ACCESO ADICIONAL DE MATERIA--TÍTULO UNIFORME
Título uniforme Biblia.
Nombre de parte o sección de la obra A.T.
-- Pentateuco.
9 (RLIN) 160615
650 #4 - PUNTO DE ACCESO ADICIONAL DE MATERIA--TÉRMINO DE MATERIA
Término de materia o nombre geográfico como elemento de entrada Samaritanos.
9 (RLIN) 160614
852 ## - LOCALIZACIÓN
Ubicación ES-MaACL
Número de control de estantería G-11495
Nota libre -- Enc. Tela
Holdings
Estatus retirado Estado de pérdida Estado de daño No para préstamo Colección Biblioteca de origen Biblioteca actual Ubicación en estantería Fecha de adquisición Fuente de adquisición Total de préstamos Signatura topográfica completa Código de barras Visto por última vez Precio de reemplazo Tipo de ítem Koha
        Libros del s. XIX Biblioteca del Ateneo de Madrid Biblioteca del Ateneo de Madrid Sala Pecera Planta 3 17/01/2008     G-11495 1168447 23/02/2023 23/02/2023 Libro impreso antiguo